000 00769nas a2200253 4500
001 BR0707900
003 BR-BrBNA
005 20231205111403.0
007 ta
008 230509b bl.|||p| |||| 00| 00por d
040 _aBR-BrBNA
_bpor
_cBiblioteca Nacional de Agricultura
041 _a(Pt)
072 _aF01; F62; Q52
100 1 _aDemarchi, J.J.A. de A.
100 1 _aBoin, C.
100 1 _aBraun, G.
245 1 _aA cultura do sorgo (Sorghum Bicolor L. Moench)para a produção de silagens de alta qualidade
650 _aSORGO
650 _aSILAGEM
650 _aALIMENTAÇÃO ANIMAL
773 0 _tZootecnia (Brazil)
_xISSN 0044-5320
_g(Jul-Sep 1995), v. 33(3) p. 111-136
_wBR0707900
909 _a202311
_bLúcia
_c55
_dLúcia Elande
942 _2AGRIS
_n0
_cANA
999 _c192422
_d192422